[Event "Preinscritos IRT Online"]
[Site "Chess.com INT"]
[Date "2020.12.26"]
[Round "5"]
[White "Ortiz Pilco, Carlos Alberto"]
[Black "Ramos Reategui, Richard Andres"]
[Result "1-0"]
[WhiteElo "1664"]
[BlackElo "1344"]
[PlyCount "125"]
[EventDate "2020.12.26"]
[EventType "swiss"]
[EventRounds "11"]
[EventCountry "ECU"]
[SourceTitle "CBM 200 Extra"]
[Source "ChessBase"]
[SourceDate "2021.03.31"]
[SourceVersion "1"]
[SourceVersionDate "2021.03.31"]
[SourceQuality "1"]

1. d4 g6 2. Nf3 Bg7 3. c4 d6 4. Nc3 f5 5. e4 Nf6 6. Bd3 Nc6 7. 0-0 fxe4 8. Nxe4 Nxe4 9. Bxe4 Bg4 10. Be3 0-0 11. h3 Bxf3 12. Bxf3 e5 13. d5 Ne7 14. Be4 Nf5 15. Qd2 Qh4 16. Bxf5 Rxf5 17. Rac1 Rh5 18. c5 Rf8 19. cxd6 cxd6 20. Rc2 b6 21. Rfc1 Bh6 22. Rc8 Bxe3 23. Qxe3 Rhf5 24. Rxf8+ Rxf8 25. Rc6 Qe7 26. Qc3 Qh4 27. Qc2 Qf6 28. Rc7 e4 29. Rxa7 e3 30. fxe3 Qf1+ 31. Kh2 Qf6 32. Qc7 Qe5+ 33. Kg1 Qxe3+ 34. Kh2 Qe5+ 35. Kg1 Qd4+ 36. Kh2 Qf4+ 37. Kg1 Qf1+ 38. Kh2 Rf7 39. Qxf7+ Qxf7 40. Rxf7 Kxf7 41. Kg3 Kf6 42. Kf4 h6 43. h4 h5 44. b4 b5 45. a3 Kg7 46. Kg5 Kh7 47. Kf6 Kh6 48. g3 Kh7 49. Ke6 Kg7 50. Kxd6 Kf7 51. Kc5 Ke7 52. Kxb5 Kd6 53. Kc4 Kc7 54. b5 Kd6 55. a4 Kc7 56. a5 Kd6 57. b6 Kd7 58. a6 Kc8 59. a7 Kb7 60. d6 Kxb6 61. a8Q g5 62. Qb8+ Kc6 63. Qc7# 1-0

[Event "ECU-ch Schools U13 Clas2"]
[Site "Chess.com INT"]
[Date "2020.11.20"]
[Round "8"]
[White "Ortiz Pilco, Carlos Alberto"]
[Black "Alvarado Navarro, Dante Santiago"]
[Result "1-0"]
[WhiteElo "1295"]
[BlackElo "1409"]
[PlyCount "83"]
[EventDate "2020.11.20"]
[EventType "swiss"]
[EventRounds "9"]
[EventCountry "ECU"]
[SourceTitle "CBM 199 Extra"]
[Source "ChessBase"]
[SourceDate "2021.01.31"]
[SourceVersion "1"]
[SourceVersionDate "2021.01.31"]
[SourceQuality "1"]

1. d4 d5 2. Nf3 Nf6 3. e3 Bf5 4. c4 c6 5. Bd3 Bxd3 6. Qxd3 e6 7. 0-0 Bd6 8. Nc3 0-0 9. b3 Nbd7 10. Bb2 Re8 11. cxd5 exd5 12. Rad1 Ne4 13. Ne2 Ndf6 14. Ne5 Qc7 15. f4 a5 16. Rc1 a4 17. h3 axb3 18. Qxb3 Nd2 19. Qd3 Nxf1 20. Rxf1 Rxa2 21. Bc1 Ne4 22. Nc3 Nxc3 23. Qxc3 f6 24. Nd3 b5 25. Qb3 Ra6 26. Re1 Qa5 27. e4 b4 28. e5 fxe5 29. fxe5 Bf8 30. Nf4 Qa2 31. Qg3 b3 32. Nh5 c5 33. Rf1 Rg6 34. Qf3 Qa7 35. Qxd5+ Kh8 36. Qe4 cxd4 37. Qd3 Qb7 38. Nf4 Ra6 39. Bd2 b2 40. Qf5 Kg8 41. Ne6 Raxe6 42. Bb4 1-0